| 000 | 01128nam a2200241Ia 4500 | ||
|---|---|---|---|
| 003 | OSt | ||
| 005 | 20220923225506.0 | ||
| 006 | a|||||r|||| 00| 0 | ||
| 007 | ta | ||
| 008 | 220922b |||||||| |||| 00| 0 hin d | ||
| 024 | _a269,317 | ||
| 037 | _cTextual | ||
| 040 |
_aARTS _cARTS _bhin |
||
| 041 |
_2hin _ahin |
||
| 082 | _aQ3jM93, N7 | ||
| 100 | _aदयाचंद्र साहित्याचार्य | ||
| 245 | 0 | _aत्यागमूर्ति मूर्धन्य सारस्वत पं मुन्नालाल न्यायतीर्थ वर्णी स्मृति ग्रन्थ | |
| 246 | _aTyāgamūrti mūrdhanya sārasvat pan0 munnālāl nyāyatīrtha varṇī smṛuti grantha | ||
| 260 |
_aसागर _b पं0 मुन्नालाल न्यायतीर्थ वर्णी स्मृति ग्रन्थ प्रकाशन _c1997 |
||
| 650 | _aज्ैन् ध्ज्ञमर्् | ||
| 942 |
_hQ3jM93, N7 _cTEXL _2CC |
||
| 999 |
_c378579 _d378579 |
||